| 000 | 01740cam a2200457 a 4500 | ||
|---|---|---|---|
| 001 | 9006174 | ||
| 003 | USPCAS-E | ||
| 005 | 20180118181417.0 | ||
| 006 | m o d | ||
| 007 | cr zn| | ||
| 008 | 110705s2011 njua sb 001 0 eng d | ||
| 020 | _z9780470747063 (cloth) | ||
| 020 | _a9780470970737 (ePDF) | ||
| 020 | _a9780470970751 (oBook) | ||
| 035 | _a(CtWfDGI)bke00040986 | ||
| 035 | _a(NNC)9006174 | ||
| 040 |
_aCtWfDGI _beng _cCtWfDGI |
||
| 050 | 1 | 4 |
_aTJ260 _b.T493 2011eb |
| 082 | 0 | 4 |
_a621.4028 _222 _bDIN-T 2011 |
| 100 | 1 |
_aDinçer, İbrahim, _d1964- |
|
| 245 | 1 | 0 |
_aThermal energy storage _h[electronic resource] : _bsystems and applications, second edition / _cİbrahim Dinçer, Marc A. Rosen. |
| 250 | _a2nd ed. | ||
| 256 | _aComputer document. | ||
| 260 |
_aChichester, West Sussex, U.K. : _bJohn Wiley & Sons Ltd, _c2011 _e(Norwood, Mass. : _fBooks24x7.com [generator]) |
||
| 500 | _aRev. ed. of: Thermal energy storage systems and applications / [edited by] Ibrahim Dinçer, and Marc Rosen ; with contributions from A. Bejan ... [et al.]. 2002. | ||
| 500 | _aTitle from title screen. | ||
| 502 | _a. | ||
| 504 | _aIncludes bibliographical references and index. | ||
| 516 | _aText. | ||
| 530 | _aAvailable also in a print ed. | ||
| 538 | _aMode of access: Internet via World Wide Web. | ||
| 550 | _aDigitized and made available by: Books24x7.com. | ||
| 650 | 0 | _aHeat storage. | |
| 655 | 7 |
_aElectronic books. _2lcsh |
|
| 700 | 1 |
_aRosen, Marc _q(Marc A.) _4aut |
|
| 710 | 2 | _aBooks24x7, Inc. | |
| 740 | 0 | _aThermal energy storage systems and applications. | |
| 856 | 4 | 0 |
_uhttp://www.columbia.edu/cgi-bin/cul/resolve?clio9006174 _zClick here for full text. |
| 942 |
_2ddc _cBK |
||
| 999 |
_c355899 _d355899 |
||